000 00533nam a22001457a 4500
999 _c7914
_d7914
008 211207b ||||| |||| 00| 0 eng d
020 _a0803955367
082 _a300.285536
100 _aWeitzman, Eben A.
245 _aComputer programs for qualitative data analysis: software sourcebook/
260 _aThousand Oaks,
_bSage publications:
_c1993.
300 _ax, 371p.;ill.
_bIncludes bibliographical references and index.
_c28cm.
650 _2Social sciences-data processing
_vSocial sciences-computer programs
942 _2ddc
_cBOOK